Music man /

Korporativní autor: Symfonický orchestr Českého rozhlasu
Další autoři: Plachetka, Adam, 1985-, Jindra, Robert, 1977-
Jazyk: Angličtina
Vydáno: [Praha] : Radioservis, [2020]
Témata:
Fyzický popis: 1 CD audio (62:40) ; 12 cm
Zvukové nahrávky
Uloženo v:
LEADER 02630njm a2200493 i 4500
001 001778177
003 CZ BrMZK
005 20201221153711.0
007 sd fungnnmmned
008 201127t20202020xr mcnng h n eng
024 3 |a 8590236108721 
028 0 1 |a CR 1087-2  |b Radioservis 
040 |a BOA001  |b cze  |e rda 
041 0 |d eng  |d ger  |g cze  |g eng 
048 |b vf01  |a oa01 
072 7 |x Divadelní hudba. Opera, opereta, muzikál  |a 782  |2 Konspekt  |9 9 
080 |a 784.4.088  |2 MRF 
080 |a 782.8.088  |2 MRF 
080 |a (086.76)  |2 MRF 
245 0 0 |a Music man /  |c Adam Plachetka 
264 1 |a [Praha] :  |b Radioservis,  |c [2020] 
264 4 |c ℗2020 
300 |a 1 CD audio (62:40) ;  |c 12 cm 
306 |a 010240 
336 |a hraná hudba  |b prm  |2 rdacontent 
337 |a audio  |b s  |2 rdamedia 
338 |a audiodisk  |b sd  |2 rdacarrier 
344 |a digital  |b optical  |2 rda 
347 |a audio soubor  |b CD audio  |2 rda 
382 |b basbaryton  |n 1  |r 1  |a symfonický orchestr  |e 1  |t 1 
500 |a Název z disku 
500 |a Informace o muzikálech česky a anglicky (14 stran) v pouzdru 
505 0 0 |t Seventy-six tombones  |g (z muzikálu Obchodník s hudbou) --  |t This is the moment  |g (z muzikálu Jekyll a Hyde) --  |t Whith a littlebit of luck  |g (z muzikálu My fair lady) --  |t Bui doi  |g (z muzikálu Miss Saigon) --  |t Pilate's dream  |g (z muzikálu Jesus Christ Superstar) --  |t Gott ist tot  |g (z muzikálu Ples upírů) --  |t Make 'em laugh  |g (z muzikálu Zpívání v dešti) --  |t Evermore  |g (z muzikálu Kráska a zvíře) --  |t Master of the house  |g (z muzikálu Bídníci) --  |t Beauty school dropout  |g (z muzikálu Pomáda) --  |t Herod's song  |g (z muzikálu Jesus Christ Superstar) --  |t Unstillbare Gier  |g (z muzikálu Ples upírů) --  |t Something wonderful  |g (z muzikálu Král a já) --  |t Singing in the rain  |g (z muzikálu Zpívání v dešti) --  |t Edelweiss  |g (z muzikálu Za zvuků hudby) --  |t Javert's suicide  |g (z muzikálu Bídníci) --  |t You won't succed on Brodway  |g (z muzikálu Spamalot) 
511 1 |a Adam Plachetka, basbaryton ; Symfonický orchestr Českého rozhlasu, Robert Jindra , dirigent a další 
650 0 7 |a populární písně, úpravy  |7 ph315261  |2 czenas 
650 0 7 |a muzikály, úpravy  |7 ph312550  |2 czenas 
655 7 |a kompaktní disky  |7 fd201991  |2 czenas 
700 1 |a Plachetka, Adam,  |d 1985-  |7 pna2009504885  |4 sng 
700 1 |a Jindra, Robert,  |d 1977-  |7 pna2007370714  |4 cnd 
710 2 |a Symfonický orchestr Českého rozhlasu  |7 kn20030215002  |4 itr 
910 |a BOA001  |b CDR-1457.281 
990 |a AV 
991 |b 202012 
996 6 |b 2610847399  |c CDR-1457.281  |l MZK  |r Sklad / do 24 hodin  |n 0  |p p.v.  |w 001836249  |u 000010  |a 1  |e BOA001  |j MZK50  |s P